[Event "Hvar op"]
[Site "Hvar"]
[Date "2023.10.15"]
[Round "1"]
[White "Mencinger, Vojko"]
[Black "Mize, Dylan"]
[Result "1-0"]
[WhiteElo "2308"]
[BlackElo "1793"]
[PlyCount "83"]
[EventDate "2023.10.15"]
[EventType "swiss"]
[EventRounds "9"]
[EventCountry "CRO"]
[SourceTitle "Mega2024 Update 01"]
[Source "Chessbase"]
[SourceDate "2023.11.12"]
[SourceVersion "1"]
[SourceVersionDate "2023.11.12"]
[SourceQuality "1"]

1. e4 c6 2. d4 d5 3. e5 Bf5 4. h4 h5 5. Bd3 Bxd3 6. Qxd3 e6 7. Nf3 Ne7 8. Bg5 Qa5+ 9. Nbd2 Qa6 10. c4 Nd7 11. 0-0 dxc4 12. Nxc4 Nf5 13. Rfd1 Nb6 14. b3 Be7 15. Bxe7 Kxe7 16. Qc3 Nd5 17. Qd2 Rad8 18. a4 Rd7 19. Ng5 Nb6 20. Ne3 Rhd8 21. Qb4+ Ke8 22. Nxf5 exf5 23. e6 fxe6 24. Nxe6 Kf7 25. Nxd8+ Rxd8 26. Re1 Nd5 27. Qd2 Rd7 28. Re5 g6 29. Rae1 Qb6 30. Qd3 Qd8 31. g3 Nf6 32. Qc4+ Kg7 33. Qc5 Ne4 34. Qxa7 Kh6 35. a5 c5 36. Rxc5 Rxd4 37. Rc8 Qd5 38. Qb8 g5 39. Rh8+ Kg6 40. Qe8+ Kf6 41. hxg5+ Kxg5 42. Rg8+ 1-0

[Event "Portoroz op 14th"]
[Site "Portoroz"]
[Date "2023.07.16"]
[Round "2"]
[White "Urbanc, Suzana"]
[Black "Mencinger, Vojko"]
[Result "0-1"]
[WhiteElo "1615"]
[BlackElo "2327"]
[PlyCount "90"]
[EventDate "2023.07.15"]
[EventType "swiss"]
[EventRounds "9"]
[EventCountry "SLO"]
[SourceTitle "CBM 215 Extra"]
[Source "ChessBase"]
[SourceDate "2023.09.30"]
[SourceVersion "1"]
[SourceVersionDate "2023.09.30"]
[SourceQuality "1"]

1. d4 d5 2. Bf4 Nf6 3. e3 c5 4. c3 Nc6 5. Nf3 Qb6 6. Qb3 c4 7. Qxb6 axb6 8. Nbd2 b5 9. Be2 b4 10. 0-0 bxc3 11. bxc3 h6 12. Ne5 Bf5 13. f3 e6 14. e4 Bh7 15. Rfb1 Na5 16. Ndxc4 dxc4 17. Nxc4 Nxc4 18. Bxc4 0-0-0 19. Rb3 Nxe4 20. fxe4 Bxe4 21. a4 Bd6 22. Bxd6 Rxd6 23. Rf1 f5 24. g4 g6 25. Re1 Kc7 26. Rb5 h5 27. Rc5+ Kd7 28. Bb5+ Kd8 29. g5 h4 30. h3 Bd5 31. c4 Be4 32. Re5 Ke7 33. d5 Kf7 34. dxe6+ Rxe6 35. Rxe6 Kxe6 36. Rd1 Rh5 37. c5 Rxg5+ 38. Kf1 Rg3 39. Rd6+ Ke5 40. Bc4 g5 41. a5 Rxh3 42. a6 bxa6 43. Rxa6 Rc3 44. Ra4 Rxc4 45. Rxc4 Bd3+ 0-1

[Event "Solta op 5th"]
[Site "Grohote"]
[Date "2022.07.03"]
[Round "2"]
[White "Mencinger, Vojko"]
[Black "Skreno, Vladimir"]
[Result "1/2-1/2"]
[WhiteElo "2320"]
[BlackElo "2083"]
[PlyCount "39"]
[EventDate "2022.07.02"]
[EventType "swiss"]
[EventRounds "9"]
[EventCountry "CRO"]
[SourceTitle "EXT 2023"]
[Source "ChessBase"]
[SourceDate "2022.10.05"]
[SourceVersion "1"]
[SourceVersionDate "2022.10.05"]
[SourceQuality "1"]

1. Nf3 Nf6 2. g3 g6 3. b3 Bg7 4. Bb2 c6 5. Bg2 0-0 6. 0-0 d6 7. d4 Nbd7 8. c4 Ne4 9. Nbd2 Ndf6 10. Ne1 d5 11. cxd5 cxd5 12. f3 Nxd2 13. Qxd2 Bf5 14. Nd3 Rc8 15. Rac1 Bxd3 16. Qxd3 Bh6 17. Rxc8 Qxc8 18. f4 Qd7 19. Rc1 Rc8 20. Rxc8+ 1/2-1/2

[Event "Solta op 4th"]
[Site "Grohote"]
[Date "2021.08.11"]
[Round "5"]
[White "Ek, Alexandre"]
[Black "Mencinger, Vojko"]
[Result "0-1"]
[WhiteElo "2171"]
[BlackElo "2310"]
[PlyCount "152"]
[EventDate "2021.08.08"]
[EventType "swiss"]
[EventRounds "9"]
[EventCountry "CRO"]
[SourceTitle "CBM 203 Extra"]
[Source "ChessBase"]
[SourceDate "2021.09.30"]
[SourceVersion "1"]
[SourceVersionDate "2021.09.30"]
[SourceQuality "1"]

1. e4 c5 2. Nf3 a6 3. c4 d6 4. d4 Nd7 5. Nc3 g6 6. Be3 Bg7 7. Be2 Ngf6 8. h3 cxd4 9. Nxd4 0-0 10. 0-0 Nc5 11. Qc2 Bd7 12. b4 Ne6 13. Rfd1 Nxd4 14. Bxd4 Rc8 15. Qb2 Ne8 16. Nd5 Bxd4 17. Qxd4 Be6 18. Nb6 Rc6 19. c5 Qc7 20. Nd5 Qd8 21. a4 Bxd5 22. exd5 Rc7 23. c6 bxc6 24. dxc6 Rxc6 25. Bd3 Rb6 26. a5 Rb8 27. Qa7 Rxb4 28. Qxa6 e6 29. Rdb1 Rxb1+ 30. Rxb1 d5 31. Qb6 Nd6 32. a6 Qxb6 33. Rxb6 Nc4 34. Rb7 Ra8 35. a7 Kg7 36. Be2 Na5 37. Rc7 e5 38. Rc5 Rxa7 39. Rxd5 Kf6 40. Rb5 Ke6 41. Rb6+ Kd5 42. Rb5+ Kd6 43. Rb6+ Nc6 44. Bf3 Rc7 45. g3 f5 46. g4 e4 47. Be2 Ke5 48. gxf5 gxf5 49. Rb5+ Kf4 50. Rc5 Rg7+ 51. Kf1 Nd4 52. Rd5 Ne6 53. Rd6 Ke5 54. Ra6 Nf4 55. Ra5+ Kf6 56. Ra6+ Kg5 57. f3 Nxh3 58. fxe4 Kf4 59. Bb5 fxe4 60. Rh6 Ng5 61. Bc6 Ke3 62. Rh4 Rf7+ 63. Kg2 Rc7 64. Ba8 Rg7 65. Kf1 Ra7 66. Bc6 Kf3 67. Ke1 Kg3 68. Rh5 Kg4 69. Rh6 Kf4 70. Rh4+ Ke3 71. Kf1 Re7 72. Ba8 Nf3 73. Rh6 Ra7 74. Bxe4 Ra1+ 75. Kg2 Rg1+ 76. Kh3 Rh1+ 0-1

[Event "Solta op 4th"]
[Site "Grohote"]
[Date "2021.08.10"]
[Round "4"]
[White "Mencinger, Vojko"]
[Black "Tomerlin, Sinisa"]
[Result "1-0"]
[WhiteElo "2310"]
[BlackElo "2179"]
[PlyCount "55"]
[EventDate "2021.08.08"]
[EventType "swiss"]
[EventRounds "9"]
[EventCountry "CRO"]
[SourceTitle "CBM 203 Extra"]
[Source "ChessBase"]
[SourceDate "2021.09.30"]
[SourceVersion "1"]
[SourceVersionDate "2021.09.30"]
[SourceQuality "1"]

1. e4 c5 2. Nf3 d6 3. d4 cxd4 4. Qxd4 Nc6 5. Bb5 Bd7 6. Bxc6 Bxc6 7. Nc3 e5 8. Qd3 h6 9. 0-0 Nf6 10. Nd2 Be7 11. Nc4 0-0 12. Ne3 Ne8 13. Nf5 Bg5 14. f4 Bf6 15. Be3 Qa5 16. a3 exf4 17. b4 Qe5 18. Bd4 Qe6 19. b5 Bd7 20. Rxf4 Be5 21. Nd5 Kh7 22. Raf1 Rc8 23. c4 g6 24. Bxe5 dxe5 25. Rh4 gxf5 26. exf5 e4 27. fxe6 exd3 28. exd7 1-0

[Event "SLO-chT1 West 29th"]
[Site "Slovenia"]
[Date "2019.10.20"]
[Round "9.4"]
[White "Mencinger, Vojko"]
[Black "Srebrnic, Marko"]
[Result "0-1"]
[WhiteElo "2332"]
[BlackElo "2370"]
[PlyCount "126"]
[EventDate "2019.09.20"]
[EventType "team-tourn"]
[EventRounds "9"]
[EventCountry "SLO"]
[SourceTitle "CBM 192 Extra"]
[Source "Chessbase"]
[SourceDate "2019.11.06"]
[SourceVersion "1"]
[SourceVersionDate "2019.11.06"]
[SourceQuality "1"]
[WhiteTeam "Gorenjka Lesce"]
[BlackTeam "Nova Gorica"]
[WhiteTeamCountry "SLO"]
[BlackTeamCountry "SLO"]

1. c4 e5 2. Nc3 Nc6 3. g3 f5 4. Bg2 Nf6 5. e3 d5 6. Nxd5 Nxd5 7. cxd5 Nb4 8. d3 Nxd5 9. Nf3 Bd6 10. 0-0 0-0 11. e4 Nf6 12. d4 fxe4 13. Nxe5 Be6 14. Qc2 c5 15. Be3 Rc8 16. Qd2 Qc7 17. Rac1 Rfd8 18. f4 exf3 19. Nxf3 Bd5 20. Ng5 Qc6 21. dxc5 Be5 22. Bxd5+ Nxd5 23. Nf7 Nf4 24. Qxd8+ Rxd8 25. gxf4 Bd4 26. Bxd4 Rxd4 27. Ne5 Qd5 28. c6 bxc6 29. Nxc6 Re4 30. Rfd1 Qf5 31. Ne5 h6 32. Rd8+ Kh7 33. Rcc8 Re1+ 34. Kf2 Rxe5 35. Rf8 Qh3 36. fxe5 Qxh2+ 37. Kf1 Qxe5 38. Rh8+ Kg6 39. Rc6+ Kh5 40. Rc2 Qf4+ 41. Rf2 Qc1+ 42. Kg2 g5 43. Rb8 Kh4 44. Rb3 g4 45. Rc3 Qd1 46. Rc5 Qd4 47. Rfc2 h5 48. R5c4 Qd1 49. R4c3 Qd5+ 50. Kh2 Qxa2 51. Kg2 Qd5+ 52. Kh2 Qe4 53. Kg1 Qd4+ 54. Kg2 a6 55. Kf1 Qd5 56. Rc5 Qd3+ 57. Kg2 Qf3+ 58. Kg1 g3 59. R5c3 Qd1+ 60. Kg2 Qd5+ 61. Kg1 Kh3 62. Rh2+ Kg4 63. Rhc2 h4 0-1

[Event "SLO-chT1 West 29th"]
[Site "Slovenia"]
[Date "2019.09.28"]
[Round "5.3"]
[White "Mencinger, Vojko"]
[Black "Spalir, Jernej"]
[Result "0-1"]
[WhiteElo "2332"]
[BlackElo "2423"]
[PlyCount "68"]
[EventDate "2019.09.20"]
[EventType "team-tourn"]
[EventRounds "9"]
[EventCountry "SLO"]
[SourceTitle "CBM 192 Extra"]
[Source "Chessbase"]
[SourceDate "2019.11.06"]
[SourceVersion "1"]
[SourceVersionDate "2019.11.06"]
[SourceQuality "1"]
[WhiteTeam "Gorenjka Lesce"]
[BlackTeam "Posocje"]
[WhiteTeamCountry "SLO"]
[BlackTeamCountry "SLO"]

1. e4 c6 2. d4 d5 3. exd5 cxd5 4. c4 Nf6 5. Nc3 Nc6 6. Bg5 Be6 7. Bxf6 exf6 8. c5 g6 9. Bb5 Bg7 10. Nge2 0-0 11. 0-0 Qc7 12. Qa4 Ne7 13. Bd3 a6 14. Qb3 h5 15. Na4 h4 16. Nb6 Rad8 17. Qc3 Bh6 18. b4 Rfe8 19. Rfe1 f5 20. a4 f4 21. b5 axb5 22. Bxb5 Nc6 23. Bxc6 Qxc6 24. Qf3 g5 25. Qh5 Kg7 26. Nc3 h3 27. gxh3 Bf5 28. h4 Bg6 29. Qd1 gxh4 30. Rxe8 Rxe8 31. Qg4 Rg8 32. Nbxd5 Kf8 33. Qxh4 Bd3+ 34. Kh1 Qxd5+ 0-1

[Event "EUR-chT Seniors 50"]
[Site "Mali Losinj"]
[Date "2019.09.24"]
[Round "7.3"]
[White "Martic, Zlatko"]
[Black "Mencinger, Vojko"]
[Result "1-0"]
[WhiteElo "2283"]
[BlackElo "2332"]
[PlyCount "87"]
[EventDate "2019.09.18"]
[EventType "team-swiss"]
[EventRounds "9"]
[EventCountry "CRO"]
[SourceTitle "EXT 2020"]
[Source "ChessBase"]
[SourceDate "2019.10.17"]
[SourceVersion "1"]
[SourceVersionDate "2019.10.17"]
[SourceQuality "1"]
[WhiteTeam "Croatia 50 II"]
[BlackTeam "Maribor 50"]
[WhiteTeamCountry "CRO"]
[BlackTeamCountry "SLO"]

1. b3 d5 2. Bb2 Nc6 3. e3 e5 4. Bb5 f6 5. d4 exd4 6. Qxd4 a6 7. Bxc6+ bxc6 8. Nf3 c5 9. Qd2 Be6 10. Nc3 Qd7 11. 0-0 Bd6 12. Rfd1 Ne7 13. e4 d4 14. Ne2 Bg4 15. Ne1 Ng6 16. f3 Be6 17. c3 dxc3 18. Qxc3 Qb5 19. Nd3 0-0 20. Rac1 Rad8 21. Ba3 Rfe8 22. Ng3 Nf4 23. Nxc5 Be5 24. Qb4 Bc8 25. Qxb5 axb5 26. Kf1 g6 27. Bb4 h5 28. h4 Rd6 29. Nh1 Red8 30. Nf2 g5 31. hxg5 fxg5 32. Rxd6 Bxd6 33. Ncd3 Ne6 34. Bxd6 Rxd6 35. Ke2 Kg7 36. Ke3 Ra6 37. Nb4 Ra7 38. Nfd3 Kf6 39. g3 Bd7 40. Nc5 Nxc5 41. Rxc5 c6 42. f4 gxf4+ 43. Kxf4 Kg6 44. Nxc6 1-0

[Event "EUR-chT Seniors 50"]
[Site "Mali Losinj"]
[Date "2019.09.23"]
[Round "6.3"]
[White "Kainz, Josef"]
[Black "Mencinger, Vojko"]
[Result "0-1"]
[WhiteElo "1922"]
[BlackElo "2332"]
[PlyCount "82"]
[EventDate "2019.09.18"]
[EventType "team-swiss"]
[EventRounds "9"]
[EventCountry "CRO"]
[SourceTitle "EXT 2020"]
[Source "ChessBase"]
[SourceDate "2019.10.17"]
[SourceVersion "1"]
[SourceVersionDate "2019.10.17"]
[SourceQuality "1"]
[WhiteTeam "Steiermark 50"]
[BlackTeam "Maribor 50"]
[WhiteTeamCountry "AUT"]
[BlackTeamCountry "SLO"]

1. d4 Nf6 2. c4 g6 3. g3 Bg7 4. Bg2 0-0 5. Nc3 c5 6. d5 d6 7. Nf3 e6 8. 0-0 exd5 9. cxd5 a6 10. a4 Nbd7 11. Bf4 Ne8 12. Qd2 Rb8 13. Rfc1 b5 14. axb5 axb5 15. Ra7 Qb6 16. Rca1 Bb7 17. Ne4 Ndf6 18. Nfg5 Nh5 19. Be3 b4 20. Bf3 f5 21. Nxc5 dxc5 22. Ne6 Rf7 23. Bxc5 Qb5 24. R1a5 Qd7 25. Ng5 Bh6 26. Be3 Bxg5 27. Bxg5 Nd6 28. Qxb4 Nc8 29. Bxh5 Nxa7 30. Bf3 Nc8 31. Bf4 Ra8 32. Rb5 Ra6 33. Rc5 Nd6 34. e3 Qe7 35. Kg2 Ne4 36. Rb5 Qxb4 37. Rxb4 Bxd5 38. Be5 Rb7 39. Rd4 Ra5 40. g4 Kf7 41. h4 Ke6 0-1

[Event "Split op 9th"]
[Site "Split"]
[Date "2019.08.10"]
[Round "8"]
[White "Curic, Drazen"]
[Black "Mencinger, Vojko"]
[Result "0-1"]
[WhiteElo "2115"]
[BlackElo "2327"]
[PlyCount "94"]
[EventDate "2019.08.03"]
[EventType "swiss"]
[EventRounds "9"]
[EventCountry "CRO"]
[SourceTitle "CBM 191 Extra"]
[Source "ChessBase"]
[SourceDate "2019.09.30"]
[SourceVersion "1"]
[SourceVersionDate "2019.09.30"]
[SourceQuality "1"]

1. e4 c5 2. Nf3 d6 3. Bb5+ Nc6 4. 0-0 Bd7 5. Re1 Nf6 6. c3 a6 7. Bf1 e6 8. d4 cxd4 9. cxd4 d5 10. Bg5 dxe4 11. Ne5 Be7 12. Nc3 0-0 13. Nxe4 Nxe4 14. Bxe7 Nxe7 15. Rxe4 Bc6 16. Nxc6 Nxc6 17. Bc4 Rc8 18. h3 Qd6 19. Rh4 Rfd8 20. Qh5 h6 21. Rg4 Kf8 22. Bb3 Nxd4 23. Rg3 Rc5 24. Qd1 Nf5 25. Qxd6+ Rxd6 26. Rg4 Rd2 27. Rb4 Nd6 28. Rb6 Ke7 29. Bd1 Rb5 30. Rxb5 Nxb5 31. Rb1 e5 32. Kf1 f5 33. Ke1 Rd4 34. Rc1 Rb4 35. Rc2 Nd4 36. Rc7+ Kf6 37. b3 Ne6 38. Rd7 Re4+ 39. Kd2 Rd4+ 40. Rxd4 Nxd4 41. Kc3 Ke6 42. Kc4 Kd6 43. f4 b6 44. a3 g5 45. fxg5 hxg5 46. g3 f4 47. gxf4 gxf4 0-1

[Event "Split op 9th"]
[Site "Split"]
[Date "2019.08.08"]
[Round "6"]
[White "Mencinger, Vojko"]
[Black "Tica, Sven"]
[Result "0-1"]
[WhiteElo "2327"]
[BlackElo "2408"]
[PlyCount "62"]
[EventDate "2019.08.03"]
[EventType "swiss"]
[EventRounds "9"]
[EventCountry "CRO"]
[SourceTitle "CBM 191 Extra"]
[Source "ChessBase"]
[SourceDate "2019.09.30"]
[SourceVersion "1"]
[SourceVersionDate "2019.09.30"]
[SourceQuality "1"]

1. e4 c6 2. d4 d5 3. e5 Bf5 4. Nd2 e6 5. Nb3 Nd7 6. Nf3 h6 7. Be2 Ne7 8. 0-0 g5 9. a4 a5 10. Ne1 Qc7 11. Be3 b6 12. c4 Rd8 13. cxd5 Nxd5 14. Bd3 Bg7 15. Rc1 Nf8 16. Rxc6 Qxc6 17. Bb5 Qxb5 18. axb5 Bxe5 19. Qc1 Bd6 20. Qc6+ Ke7 21. Nf3 f6 22. Nbd2 Nd7 23. Nc4 Bb8 24. Na3 Rc8 25. Qb7 Rc7 26. Qa8 Rhc8 27. Re1 Ra7 28. Qc6 Rxc6 29. bxc6 Nf8 30. Nb5 Ra8 31. Rc1 Bc7 0-1

[Event "SLO-ch 29th"]
[Site "Radenci"]
[Date "2019.05.04"]
[Round "9"]
[White "Mencinger, Vojko"]
[Black "Brinovec, Dusan"]
[Result "0-1"]
[WhiteElo "2344"]
[BlackElo "2237"]
[PlyCount "92"]
[EventDate "2019.04.27"]
[EventType "swiss"]
[EventRounds "9"]
[EventCountry "SLO"]
[SourceTitle "CBM 190 Extra"]
[Source "ChessBase"]
[SourceDate "2019.07.15"]
[SourceVersion "1"]
[SourceVersionDate "2019.07.15"]
[SourceQuality "1"]

1. e4 e5 2. Nf3 Nc6 3. Bb5 a6 4. Ba4 d6 5. c4 Bd7 6. d4 b5 7. Bb3 exd4 8. Nxd4 Na5 9. Nc3 bxc4 10. Bc2 g6 11. 0-0 Bg7 12. Re1 Ne7 13. Nd5 Nec6 14. Ne2 0-0 15. Rb1 Ne5 16. Bf4 Nac6 17. Qd2 Re8 18. Bg5 f6 19. Bh4 Rb8 20. f4 Nd3 21. Bxd3 cxd3 22. Qxd3 Nb4 23. Nxb4 Rxb4 24. Nc3 g5 25. Bf2 f5 26. e5 Re6 27. Nd5 Re4 28. Rxe4 fxe4 29. Qc4 c6 30. Nf6+ Bxf6 31. exf6 Qxf6 32. fxg5 Qxg5 33. Re1 d5 34. Qc5 Rg6 35. Bg3 h5 36. Rf1 Rf6 37. Rxf6 Qxf6 38. Qf2 Qg7 39. Qe2 Qg5 40. b4 Qc1+ 41. Qe1 Qxe1+ 42. Bxe1 d4 43. Bg3 e3 44. Kf1 Kf7 45. Be5 d3 46. h3 c5 0-1

[Event "Wch Seniors 50 28th"]
[Site "Bled"]
[Date "2018.11.21"]
[Round "4"]
[White "Dougherty, Michael J"]
[Black "Mencinger, Vojko"]
[Result "1-0"]
[WhiteElo "2155"]
[BlackElo "2358"]
[PlyCount "105"]
[EventDate "2018.11.18"]
[EventType "swiss"]
[EventRounds "11"]
[EventCountry "SLO"]
[SourceTitle "CBM 187 Extra"]
[Source "ChessBase"]
[SourceDate "2018.11.04"]
[SourceVersion "1"]
[SourceVersionDate "2018.11.04"]
[SourceQuality "1"]

1. d4 f5 2. Bg5 h6 3. Bh4 g5 4. e4 Bg7 5. Bg3 f4 6. Bxf4 gxf4 7. Qh5+ Kf8 8. Qf5+ Nf6 9. e5 d6 10. Qxf4 Nc6 11. Nf3 Nb4 12. exf6 Bxf6 13. Qd2 Nc6 14. c3 Bg4 15. Be2 Qe8 16. Qf4 Bh5 17. Nbd2 Qf7 18. Ne4 Bg7 19. Qh4 Bg6 20. 0-0 e6 21. Nfd2 Ne7 22. f4 Ke8 23. Bb5+ Kd8 24. g4 Kc8 25. Rae1 Rf8 26. Ng3 Bf6 27. Qh3 c6 28. g5 cxb5 29. Rxe6 Bf5 30. Nxf5 Qxe6 31. Nxe7+ Kd7 32. Qxe6+ Kxe6 33. gxf6 Rxf6 34. Re1+ Kf7 35. Ne4 Kxe7 36. Nxf6+ Kxf6 37. Kf2 Rc8 38. Kf3 b4 39. cxb4 Rc4 40. Ke4 Rc2 41. Kd5 Rxb2 42. a3 a5 43. bxa5 Rb3 44. Kxd6 Rxa3 45. Re5 Ra4 46. Kc7 Rxd4 47. Kxb7 Rxf4 48. Rb5 Kg6 49. a6 Rf7+ 50. Kb6 Rf6+ 51. Ka5 Rf2 52. h4 h5 53. a7 1-0

[Event "Wch Seniors 50 28th"]
[Site "Bled"]
[Date "2018.11.20"]
[Round "3"]
[White "Mencinger, Vojko"]
[Black "Sturua, Zurab"]
[Result "0-1"]
[WhiteElo "2358"]
[BlackElo "2529"]
[PlyCount "134"]
[EventDate "2018.11.18"]
[EventType "swiss"]
[EventRounds "11"]
[EventCountry "SLO"]
[SourceTitle "CBM 187 Extra"]
[Source "ChessBase"]
[SourceDate "2018.11.04"]
[SourceVersion "1"]
[SourceVersionDate "2018.11.04"]
[SourceQuality "1"]

1. e4 e5 2. Nf3 Nc6 3. Bb5 a6 4. Ba4 Nf6 5. 0-0 Be7 6. Re1 b5 7. Bb3 d6 8. c3 0-0 9. h3 Nb8 10. d4 Nbd7 11. Nbd2 Bb7 12. Bc2 Re8 13. Nf1 Bf8 14. Ng3 g6 15. a4 c5 16. d5 c4 17. Bg5 Nc5 18. Qd2 Be7 19. Bh6 Nfd7 20. Ra3 Nb6 21. axb5 axb5 22. Rea1 Rxa3 23. Rxa3 Nba4 24. Ra2 Bc8 25. Nh2 Bd7 26. Nhf1 Bf6 27. Qc1 Qe7 28. Kh2 Kh8 29. Bd2 Bh4 30. f4 f6 31. fxe5 fxe5 32. Be3 Rf8 33. Qd2 Qd8 34. Kg1 Kg8 35. Kh2 Qc8 36. Bh6 Rf7 37. Be3 Qd8 38. Kg1 Qb8 39. Kh2 Be8 40. Qe2 Qd8 41. Qd2 Qf6 42. Qc1 Bd7 43. Qd2 h6 44. Kg1 Kh7 45. Qc1 Bg5 46. Qd2 Bf4 47. Bxf4 Qxf4 48. Qxf4 Rxf4 49. Nd2 Rf8 50. Ne2 Kg7 51. Ng3 Kf6 52. Kf2 Ke7+ 53. Ke3 Kd8 54. Ne2 Kc7 55. Ng3 Kb7 56. Ne2 Kc7 57. Ng3 Rb8 58. Ne2 Rb7 59. Bd1 Be8 60. Bc2 b4 61. Bxa4 Bxa4 62. cxb4 Rxb4 63. Nc3 Bd7 64. Ra8 Rxb2 65. g4 Rc2 66. Ncb1 c3 67. Nc4 Re2+ 0-1

[Event "Split op 8th"]
[Site "Split"]
[Date "2018.08.19"]
[Round "9"]
[White "Bozinovic, Bogdan"]
[Black "Mencinger, Vojko"]
[Result "0-1"]
[WhiteElo "2214"]
[BlackElo "2339"]
[PlyCount "36"]
[EventDate "2018.08.12"]
[EventType "swiss"]
[EventRounds "9"]
[EventCountry "CRO"]
[SourceTitle "CBM 186 Extra"]
[Source "ChessBase"]
[SourceDate "2018.08.24"]
[SourceVersion "1"]
[SourceVersionDate "2018.08.24"]
[SourceQuality "1"]

1. d4 Nf6 2. c4 e6 3. Nc3 Bb4 4. f3 0-0 5. e4 d5 6. e5 Nfd7 7. cxd5 exd5 8. a3 Bxc3+ 9. bxc3 f6 10. f4 fxe5 11. dxe5 Nxe5 12. fxe5 Qh4+ 13. Kd2 Qf4+ 14. Kc2 Qxf1 15. Qxd5+ Kh8 16. e6 Nc6 17. Bb2 Rf2+ 18. Kb3 Bxe6 0-1

[Event "Split op 8th"]
[Site "Split"]
[Date "2018.08.16"]
[Round "6"]
[White "Mencinger, Vojko"]
[Black "Vojak, Daniel"]
[Result "1/2-1/2"]
[WhiteElo "2339"]
[BlackElo "2221"]
[PlyCount "117"]
[EventDate "2018.08.12"]
[EventType "swiss"]
[EventRounds "9"]
[EventCountry "CRO"]
[SourceTitle "CBM 186 Extra"]
[Source "ChessBase"]
[SourceDate "2018.08.24"]
[SourceVersion "1"]
[SourceVersionDate "2018.08.24"]
[SourceQuality "1"]

1. Nf3 Nf6 2. c4 g6 3. Nc3 Bg7 4. g3 0-0 5. Bg2 d6 6. d4 c5 7. 0-0 Nc6 8. d5 Na5 9. Nd2 a6 10. Qc2 Rb8 11. a4 Bd7 12. b3 b5 13. axb5 axb5 14. cxb5 Bxb5 15. Ra3 Nd7 16. Bb2 c4 17. b4 Nb3 18. Nxb3 cxb3 19. Qxb3 Qb6 20. Rfa1 Ne5 21. Nxb5 Qxb5 22. f4 Ng4 23. Bxg7 Kxg7 24. Bf3 Nf6 25. Ra7 Rfe8 26. R1a4 Kf8 27. Kg2 Rec8 28. Qe3 Nxd5 29. Qe4 e6 30. Qd4 Kg8 31. R4a6 Rc4 32. Qd2 Rc2 33. Qe1 Nc3 34. Rxd6 Nxe2 35. Rd2 Qxb4 36. Ra2 Rxd2 37. Qxd2 Qxd2 38. Rxd2 Nc3 39. Kf2 Kg7 40. h4 h5 41. Rd7 Rb2+ 42. Ke3 Kf6 43. Bc6 Rb3 44. Kf2 Rb6 45. Bf3 Nb5 46. Rb7 Rxb7 47. Bxb7 Nd6 48. Bc6 Ke7 49. Bf3 Nf5 50. Be4 f6 51. Kf3 e5 52. fxe5 fxe5 53. Bd5 Kf6 54. Bc4 e4+ 55. Kf4 e3 56. Be2 Ke6 57. g4 hxg4 58. Kxg4 Kf6 59. h5 1/2-1/2

[Event "Pardubice Czech op-A 29th"]
[Site "Pardubice"]
[Date "2018.07.25"]
[Round "6"]
[White "Mencinger, Vojko"]
[Black "Swayams, Mishra"]
[Result "1/2-1/2"]
[WhiteElo "2342"]
[BlackElo "2463"]
[PlyCount "137"]
[EventDate "2018.07.20"]
[EventType "swiss"]
[EventRounds "9"]
[EventCountry "CZE"]
[SourceTitle "CBM 185 Extra"]
[Source "ChessBase"]
[SourceDate "2018.07.29"]
[SourceVersion "1"]
[SourceVersionDate "2018.07.29"]
[SourceQuality "1"]

1. d4 Nf6 2. Bf4 d5 3. e3 c5 4. c3 Nc6 5. Nd2 e6 6. Ngf3 cxd4 7. exd4 Nh5 8. Bg5 f6 9. Be3 Bd6 10. Bd3 Nf4 11. Bxf4 Bxf4 12. Qc2 g6 13. g3 Bd6 14. h4 e5 15. dxe5 fxe5 16. 0-0-0 Qf6 17. Ng5 Bf5 18. Bxf5 gxf5 19. Qb3 Ne7 20. Qb5+ Kf8 21. Qd7 h6 22. Nc4 hxg5 23. hxg5 Qxg5+ 24. f4 Rxh1 25. fxg5 Rxd1+ 26. Kxd1 dxc4 27. Qxd6 Rc8 28. g6 Ke8 29. Qe6 Rc6 30. Qf7+ Kd7 31. g7 Rc8 32. Qf6 e4 33. Qd4+ Ke6 34. g4 fxg4 35. Qxe4+ Kf7 36. Qxg4 b6 37. Kc2 a6 38. Qd7 Rg8 39. Qa7 Rxg7 40. Qxb6 Rg2+ 41. Kc1 Rg6 42. Qd4 Rc6 43. b3 cxb3 44. axb3 Ke6 45. Kb2 Nc8 46. c4 Ne7 47. Ka3 Rd6 48. Qa7 Rc6 49. Ka4 Kd6 50. Kb4 Nc8 51. c5+ Ke6 52. Qb7 Ne7 53. Kc4 Kf7 54. Qd7 Re6 55. Kb4 Kf6 56. Ka4 Rc6 57. b4 Re6 58. Qd4+ Kf7 59. Qc4 Kf6 60. Qf4+ Kg7 61. Ka5 Rf6 62. Qc7 Kf7 63. Qh2 Rc6 64. Qe2 Ke8 65. b5 axb5 66. Kxb5 Rg6 67. Qe4 Kd8 68. Qa8+ Kd7 69. Qb7+ 1/2-1/2

[Event "Pardubice Czech op-A 29th"]
[Site "Pardubice"]
[Date "2018.07.23"]
[Round "4"]
[White "Mencinger, Vojko"]
[Black "Eryshkanova, Anastasiya"]
[Result "1-0"]
[WhiteElo "2342"]
[BlackElo "2203"]
[PlyCount "61"]
[EventDate "2018.07.20"]
[EventType "swiss"]
[EventRounds "9"]
[EventCountry "CZE"]
[SourceTitle "CBM 185 Extra"]
[Source "ChessBase"]
[SourceDate "2018.07.29"]
[SourceVersion "1"]
[SourceVersionDate "2018.07.29"]
[SourceQuality "1"]

1. d4 Nf6 2. Bf4 g6 3. Nc3 d5 4. Qd2 h6 5. h4 Bg7 6. Nf3 c6 7. Ne5 Nbd7 8. 0-0-0 Nxe5 9. Bxe5 b5 10. f3 Qa5 11. a3 Qd8 12. e3 a5 13. Ne2 Kf8 14. Nf4 Nd7 15. Bxg7+ Kxg7 16. Bd3 e5 17. dxe5 Nxe5 18. Qc3 Qf6 19. Bxb5 Rd8 20. Be2 Kg8 21. g4 Qe7 22. g5 h5 23. e4 Bb7 24. Rd4 Qd6 25. Rhd1 Nd7 26. exd5 c5 27. Re4 Re8 28. Ne6 fxe6 29. dxe6 Qxd1+ 30. Bxd1 Bxe4 31. exd7 1-0